000 00742cam a22002537a 4500
003 CHAP
005 20220329140514.0
008 971013c19711967 r 00010 d
010 _a53007
011 _a53979
035 _a58129
040 _cCHAP
082 _a574.52
_bR6
100 0 0 _aRoslansky, John D.
_9100163
245 1 4 _aThe control of environment ; a discussion at the Nobel conference...
260 _aAmsterdam :
_bNorth Holland,
_c1971 [c.1967]
300 _a112 p.
590 _aBATCH-UPD
_b10
_c20130110
_lUCH01
_h0830
590 _aCONVERSION
_b10
_c20130109
_lUCH01
_h1329
650 1 4 _aMedio ambiente.
_974065
901 _aBK
942 _cLIBRO
949 _a574.52 R6
_bBC
_cLIBRO
_d33724000402897
_eLIBRO
_h27931
_i58129
_si
999 _c53007
_d53007